[Event "Titled Tue 3rd Jun Early"]
[Site "chess.com INT"]
[Date "2025.06.03"]
[Round "10"]
[White "Shankland, Sam"]
[Black "Reshetnikov, Alexey"]
[Result "1-0"]
[WhiteTitle "GM"]
[BlackTitle "IM"]
[WhiteElo "2666"]
[BlackElo "2492"]
[WhiteFideId "2004887"]
[BlackFideId "4162080"]
[EventDate "2025.06.03"]

1. d4 d5 2. c4 e6 3. Nf3 Nf6 4. Nc3 Be7 5. Bf4 O-O 6. e3 b6 7. Bd3 Bb7 8. cxd5
exd5 9. O-O Nbd7 10. Qc2 c5 11. Rad1 a6 12. Bf5 c4 13. a4 g6 14. Bh3 Bc6 15. Ne5
Qc8 16. e4 Qb7 17. Nxc6 Qxc6 18. e5 Ne8 19. Bh6 Ng7 20. Rfe1 b5 21. e6 Nf6 22.
axb5 axb5 23. exf7+ Rxf7 24. Bg5 b4 25. Rxe7 bxc3 26. Rxf7 Kxf7 27. bxc3 Ne4 28.
Bf4 Qa4 29. Qc1 Nxc3 30. Re1 Qb4 31. Bd2 1-0

[Event "Titled Tue 3rd Jun Early"]
[Site "chess.com INT"]
[Date "2025.06.03"]
[Round "10"]
[White "Perry, Patrick"]
[Black "Winkels, Marcel"]
[Result "1-0"]
[BlackTitle "CM"]
[WhiteElo "2296"]
[BlackElo "1918"]
[WhiteFideId "30917727"]
[BlackFideId "1003887"]
[EventDate "2025.06.03"]

1. e4 c5 2. d4 cxd4 3. Nf3 d6 4. Nxd4 Nf6 5. Nc3 a6 6. Bg5 Nbd7 7. Bc4 Qa5 8.
Qd2 h6 9. Bh4 g6 10. O-O-O Bg7 11. f3 O-O 12. Kb1 Qc7 13. Bb3 b5 14. Nd5 Nxd5
15. exd5 Nf6 16. Nc6 Bb7 17. Rhe1 Rfe8 18. Bxf6 Bxf6 19. Qxh6 Bxc6 20. dxc6 Qxc6
21. Qxg6+ Bg7 22. Bxf7+ Kf8 23. Be6 1-0

[Event "Titled Tue 3rd Jun Early"]
[Site "chess.com INT"]
[Date "2025.06.03"]
[Round "10"]
[White "Dubnevych, Maksym"]
[Black "Vafin, Ayrat"]
[Result "0-1"]
[WhiteTitle "FM"]
[BlackTitle "FM"]
[WhiteElo "2292"]
[BlackElo "2302"]
[WhiteFideId "14184001"]
[BlackFideId "4146530"]
[EventDate "2025.06.03"]

1. Nc3 d5 2. e4 dxe4 3. Nxe4 Nf6 4. Nxf6+ exf6 5. d4 Bd6 6. Bd3 c6 7. Ne2 O-O 8.
O-O Bg4 9. Be3 Nd7 10. Qd2 Re8 11. c4 Bxe2 12. Bxe2 f5 13. Bd3 g6 14. Rae1 Qc7
15. g3 Nf6 16. f3 Nh5 17. Bf2 a5 18. c5 Bf8 19. Bc4 Rad8 20. Rxe8 Rxe8 21. Re1
Rd8 22. Qg5 h6 23. Qxg6+ Ng7 24. Qxh6 b5 25. cxb6 Qxb6 26. Qf6 Rd7 27. b3 a4 28.
h4 Qb4 29. Re2 Qc3 30. h5 Qxf3 31. h6 Nh5 32. Re8 Nxf6 0-1

[Event "Titled Tue 3rd Jun Early"]
[Site "chess.com INT"]
[Date "2025.06.03"]
[Round "10"]
[White "Ugorek, Kacper"]
[Black "Lau, Lut Yin Luke"]
[Result "1-0"]
[WhiteTitle "CM"]
[BlackTitle "CM"]
[WhiteElo "2262"]
[BlackElo "2243"]
[WhiteFideId "21890676"]
[BlackFideId "6002226"]
[EventDate "2025.06.03"]

1. f4 Nh6 2. Nf3 g6 3. g3 Bg7 4. Bg2 O-O 5. O-O d5 6. d3 c5 7. e4 Nc6 8. c3 Ng4
9. h3 Nf6 10. Nbd2 Qc7 11. Qe2 Rd8 12. e5 Ne8 13. Kh2 b5 14. d4 b4 15. Nb3 bxc3
16. bxc3 cxd4 17. cxd4 Rb8 18. Ba3 Na5 19. Nxa5 Qxa5 20. Bc5 Ba6 21. Qe1 Qc7 22.
Rf2 e6 23. Rc1 Qd7 24. h4 Rdc8 25. h5 Bf8 26. Rfc2 Ng7 27. hxg6 hxg6 28. g4 Bd3
29. Rc3 Bc4 30. Bxf8 Rxf8 31. Qh4 f6 32. exf6 Ne8 33. Ne5 Qd6 34. g5 Rb7 35. Rh3
Nxf6 36. Qh8# 1-0

[Event "Titled Tue 3rd Jun Early"]
[Site "chess.com INT"]
[Date "2025.06.03"]
[Round "10"]
[White "Arya G Mallar"]
[Black "Murawski, Jan"]
[Result "0-1"]
[WhiteTitle "WCM"]
[BlackTitle "CM"]
[WhiteElo "2014"]
[BlackElo "2191"]
[WhiteFideId "25115324"]
[BlackFideId "21009287"]
[EventDate "2025.06.03"]

1. c4 Nf6 2. Nc3 e6 3. e4 d5 4. e5 d4 5. exf6 dxc3 6. bxc3 Qxf6 7. d4 c5 8. Nf3
h6 9. Bd3 cxd4 10. cxd4 Bb4+ 11. Bd2 Bxd2+ 12. Qxd2 Nc6 13. c5 Bd7 14. Rb1 Nxd4
15. Nxd4 Qxd4 16. Rxb7 Qe5+ 17. Qe3 Qc3+ 18. Qd2 Qxc5 19. O-O Bc6 20. Rb2 O-O
21. Rc2 Qd5 22. f3 Rad8 23. Rd1 Ba4 24. Qc3 Bxc2 25. Bh7+ Bxh7 26. Rxd5 Rxd5 27.
Kf2 Rfd8 28. Qc8 0-1

[Event "Titled Tue 3rd Jun Early"]
[Site "chess.com INT"]
[Date "2025.06.03"]
[Round "10"]
[White "Gbiorczyk, Mikolaj"]
[Black "Carlsson, Ludvig"]
[Result "0-1"]
[WhiteTitle "CM"]
[BlackTitle "IM"]
[WhiteElo "2191"]
[BlackElo "2374"]
[WhiteFideId "21080763"]
[BlackFideId "1727010"]
[EventDate "2025.06.03"]

1. d4 d5 2. Nc3 c6 3. Bf4 Qb6 4. Qd2 Qxb2 5. Rb1 Qa3 6. e4 dxe4 7. f3 exf3 8.
Nxf3 Nf6 9. Bc4 e6 10. O-O Be7 11. Bg5 Nbd7 12. Ne5 Nxe5 13. dxe5 Qc5+ 14. Kh1
Qxe5 15. Bb3 b6 16. Rbd1 O-O 17. h3 Bb7 18. Bf4 Qh5 19. Qf2 c5 20. Qg3 Rad8 21.
Be5 Rxd1 22. Rxd1 Rd8 23. Rxd8+ Bxd8 24. Bc4 Qg6 25. Qf2 h6 26. Bd3 Qh5 27. Qg3
Qg5 28. Qxg5 hxg5 29. Ne2 a6 30. Kg1 b5 31. a4 c4 32. axb5 axb5 0-1

[Event "Titled Tue 3rd Jun Early"]
[Site "chess.com INT"]
[Date "2025.06.03"]
[Round "10"]
[White "Dogan, Umut Anil"]
[Black "Nakonechnyi, Oleksii"]
[Result "0-1"]
[WhiteTitle "CM"]
[BlackTitle "CM"]
[WhiteElo "2123"]
[BlackElo "2224"]
[WhiteFideId "51618060"]
[BlackFideId "34173714"]
[EventDate "2025.06.03"]

1. d4 Nf6 2. Nf3 d5 3. c4 e6 4. g3 Bb4+ 5. Bd2 c5 6. Bg2 Nc6 7. Bxb4 cxb4 8.
Nbd2 O-O 9. O-O b6 10. Rc1 Bb7 11. cxd5 exd5 12. e3 Qd6 13. Qe2 a5 14. Rfe1 Ba6
15. Qd1 Rac8 16. Bh3 Rc7 17. Qc2 Ne8 18. Qf5 g6 19. Qf4 Qxf4 20. exf4 Nd6 21.
Ne5 Bb5 22. Bf1 Rfc8 23. Nxc6 Rxc6 24. Rxc6 Rxc6 25. Bxb5 Nxb5 26. Nf3 Rc2 27.
Re5 Rxb2 28. Rxd5 Nc3 29. Rd7 Rxa2 30. Ng5 b3 31. Nxf7 b2 32. Ng5 b1=Q+ 33. Kg2
Rxf2+ 34. Kxf2 Qc2+ 35. Kf1 Ne4 36. Nxh7 Qf2# 0-1

[Event "Titled Tue 3rd Jun Early"]
[Site "chess.com INT"]
[Date "2025.06.03"]
[Round "10"]
[White "Matskevich, Varvara"]
[Black "FAWOLE, John Oyeyemi"]
[Result "1-0"]
[WhiteTitle "WFM"]
[BlackTitle "FM"]
[WhiteElo "1988"]
[BlackElo "1987"]
[WhiteFideId "13523465"]
[BlackFideId "8501319"]
[EventDate "2025.06.03"]

1. e4 c5 2. Nf3 d6 3. d4 cxd4 4. Nxd4 Nf6 5. Nc3 a6 6. a4 e5 7. Nde2 Be6 8. Ng3
Nbd7 9. Be2 Rc8 10. O-O Be7 11. Be3 O-O 12. a5 Rc6 13. Nd5 Bxd5 14. exd5 Rc8 15.
c4 g6 16. b4 b6 17. axb6 Nxb6 18. Qb3 Ra8 19. Ra5 Qc7 20. Rfa1 Qb7 21. Qd3 Rfc8
22. Qb3 Nfd7 23. Nf1 f5 24. f4 e4 25. Bd4 Bf6 26. Bxf6 Nxf6 27. Ne3 Kf7 28. c5
dxc5 29. bxc5 1-0

[Event "Titled Tue 3rd Jun Early"]
[Site "chess.com INT"]
[Date "2025.06.03"]
[Round "10"]
[White "Hernandez Izquierdo, Jose A."]
[Black "Heimann, Alexander"]
[Result "0-1"]
[WhiteTitle "IM"]
[WhiteElo "2223"]
[BlackElo "2238"]
[WhiteFideId "3527263"]
[BlackFideId "2006073"]
[EventDate "2025.06.03"]

1. e4 c5 2. Nf3 d6 3. d4 cxd4 4. Nxd4 Nf6 5. Nc3 a6 6. h3 b5 7. g4 Bb7 8. Bg2 e5
9. Nf5 Nc6 10. g5 Ng8 11. Nd5 g6 12. Ng3 Nd4 13. Be3 Bxd5 14. exd5 Bg7 15. Bxd4
exd4 16. Qe2+ Kf8 17. h4 Qa5+ 18. Kf1 Re8 19. Ne4 f5 20. gxf6 Nxf6 21. Qd3 Nxe4
22. Bxe4 Qc7 23. Rh3 Be5 24. Kg2 Qc4 25. Qf3+ Kg7 26. Bd3 Qc8 27. h5 Rhf8 28.
Qe4 Rf4 29. Qe2 Ref8 30. Rf1 Rg4+ 31. Kh1 Rg1+ 32. Kxg1 Qxh3 33. f4 Bxf4 34.
Qe7+ Rf7 35. Qxf7+ Kxf7 36. Rxf4+ Kg7 37. Kf2 Qe3+ 0-1

[Event "Titled Tue 3rd Jun Early"]
[Site "chess.com INT"]
[Date "2025.06.03"]
[Round "10"]
[White "Khandhadia, Nivaan Rathin"]
[Black "Grabinsky, Vladimir"]
[Result "0-1"]
[WhiteTitle "CM"]
[BlackTitle "IM"]
[WhiteElo "2112"]
[BlackElo "2192"]
[WhiteFideId "25753274"]
[BlackFideId "14107074"]
[EventDate "2025.06.03"]

1. d4 Nf6 2. c4 e6 3. Nf3 d5 4. Nc3 c5 5. cxd5 Nxd5 6. Nxd5 Qxd5 7. e3 Nc6 8.
Bb5 cxd4 9. Bxc6+ bxc6 10. Qxd4 Ba6 11. Bd2 Rd8 12. Bc3 Qb5 13. Qxd8+ Kxd8 14.
O-O-O+ Ke8 15. Ne5 Be7 16. Rd7 Bf6 17. Rxa7 Bxe5 18. Ra8+ Bb8 19. Bxg7 Rg8 20.
Bd4 Qb7 0-1

[Event "Titled Tue 3rd Jun Early"]
[Site "chess.com INT"]
[Date "2025.06.03"]
[Round "10"]
[White "Durarbayli, Vasif"]
[Black "Piesik, Piotr"]
[Result "1-0"]
[WhiteTitle "GM"]
[BlackTitle "IM"]
[WhiteElo "2612"]
[BlackElo "2436"]
[WhiteFideId "13402935"]
[BlackFideId "1136194"]
[EventDate "2025.06.03"]

1. e4 e6 2. d4 d5 3. exd5 exd5 4. h3 Bd6 5. c4 Nf6 6. c5 Be7 7. Bd3 O-O 8. Nf3
b6 9. cxb6 axb6 10. O-O c5 11. dxc5 bxc5 12. Nc3 Nc6 13. Bg5 Be6 14. Re1 c4 15.
Bf1 d4 16. Nb5 d3 17. b3 cxb3 18. Rxe6 fxe6 19. Qxb3 Qd5 20. Qxd3 Qxd3 21. Bxd3
Nd5 22. Bxe7 Ncxe7 23. Ng5 Nf4 24. Bxh7+ Kh8 25. Be4 Ra5 26. a4 Rb8 27. Nd6 Ne2+
28. Kh2 Nc3 29. Ndf7+ Kg8 30. Bh7+ Kf8 31. Re1 g6 32. Rxe6 Rxa4 33. Ne5 Rb7 34.
Bxg6 Nxg6 35. Nxg6+ Kg7 36. Ne7 Raa7 37. Nf5+ Kf8 38. Rc6 1-0

[Event "Titled Tue 3rd Jun Early"]
[Site "chess.com INT"]
[Date "2025.06.03"]
[Round "10"]
[White "Klekowski, Maciej"]
[Black "Xiong, Jeffery"]
[Result "0-1"]
[WhiteTitle "GM"]
[BlackTitle "GM"]
[WhiteElo "2474"]
[BlackElo "2636"]
[WhiteFideId "1132717"]
[BlackFideId "2047640"]
[EventDate "2025.06.03"]

1. c4 e6 2. Nc3 d5 3. e3 Nf6 4. Nf3 dxc4 5. Bxc4 a6 6. a4 c5 7. O-O Nc6 8. Qe2
Bd6 9. Rd1 Qc7 10. d4 O-O 11. Bd3 b6 12. Ne4 Nxe4 13. Bxe4 Bb7 14. dxc5 Bxc5 15.
Bd2 h6 16. Rac1 Qe7 17. b4 Nxb4 18. Bxb7 Qxb7 19. Bxb4 Bxb4 20. Ne5 Rac8 21.
Rxc8 Rxc8 22. h4 Be7 23. Qg4 Rd8 24. Rxd8+ Bxd8 25. h5 b5 26. axb5 axb5 27. Nd3
Be7 28. Nc1 Qd5 29. Qe2 b4 30. e4 Qc5 31. Nb3 Qc3 32. Qe3 Bg5 33. Qf3 Qxf3 34.
gxf3 g6 35. hxg6 fxg6 36. Kg2 Bf4 37. Kh3 h5 38. Nc5 e5 0-1

[Event "Titled Tue 3rd Jun Early"]
[Site "chess.com INT"]
[Date "2025.06.03"]
[Round "10"]
[White "Jimenez Fernandez, Rebeca"]
[Black "Safin Safarullakhan"]
[Result "0-1"]
[WhiteTitle "WFM"]
[BlackTitle "CM"]
[WhiteElo "2163"]
[BlackElo "2109"]
[WhiteFideId "32070934"]
[BlackFideId "33379475"]
[EventDate "2025.06.03"]

1. e4 c5 2. Nf3 d6 3. d4 cxd4 4. Nxd4 Nf6 5. Nc3 g6 6. Be3 Bg7 7. f3 O-O 8. Bc4
Nc6 9. Qd2 Nxd4 10. Bxd4 Be6 11. Bxe6 fxe6 12. h4 Qa5 13. g4 b5 14. h5 b4 15.
Ne2 Rac8 16. hxg6 hxg6 17. Be3 Kf7 18. a3 Rh8 19. O-O-O Rxh1 20. Rxh1 Qa4 21.
Kb1 bxa3 22. b3 a2+ 23. Ka1 Nxe4+ 0-1

[Event "Titled Tue 3rd Jun Early"]
[Site "chess.com INT"]
[Date "2025.06.03"]
[Round "10"]
[White "Behzad Nazif, Parva"]
[Black "Herrera Ortiz, Miguel"]
[Result "0-1"]
[WhiteTitle "WIM"]
[BlackTitle "IM"]
[WhiteElo "2090"]
[BlackElo "2174"]
[WhiteFideId "12563790"]
[BlackFideId "5100550"]
[EventDate "2025.06.03"]

1. e4 e6 2. d4 d5 3. exd5 exd5 4. Bd3 Nf6 5. Nf3 Bg4 6. h3 Bh5 7. Qe2+ Be7 8.
O-O O-O 9. Re1 Nc6 10. c3 Re8 11. Be3 Ne4 12. Nbd2 f5 13. Qd1 Bf6 14. Qc2 Qd6
15. b4 f4 16. Nxe4 dxe4 17. Bxe4 fxe3 18. Bxh7+ Kh8 19. fxe3 Bxf3 20. gxf3 Qg3+
21. Qg2 Qxg2+ 22. Kxg2 Kxh7 23. e4 Bg5 24. e5 Ne7 25. Re4 Nd5 26. c4 Nf4+ 27.
Kg3 c6 28. Rxf4 Bxf4+ 29. Kxf4 a5 30. Rb1 axb4 31. Rxb4 Re7 32. a4 g5+ 33. Kxg5
Rf8 34. Rb3 Rg7+ 35. Kh4 Rf4+ 36. Kh5 Rf5+ 37. Kh4 Kh6 0-1

[Event "Titled Tue 3rd Jun Early"]
[Site "chess.com INT"]
[Date "2025.06.03"]
[Round "10"]
[White "Smirnov, Mark"]
[Black "Shafer, Logan C"]
[Result "1-0"]
[WhiteTitle "FM"]
[BlackTitle "CM"]
[WhiteElo "2348"]
[BlackElo "2291"]
[WhiteFideId "13764594"]
[BlackFideId "30993342"]
[EventDate "2025.06.03"]

1. b3 d5 2. Bb2 Nf6 3. Nf3 Bf5 4. c4 e6 5. Nh4 Bg4 6. h3 Bh5 7. g4 Bg6 8. Bg2
Nbd7 9. O-O Nxg4 10. Nxg6 hxg6 11. hxg4 Qh4 12. Re1 Qxg4 13. e4 Qxd1 14. Rxd1
dxe4 15. Bxe4 O-O-O 16. d4 Nf6 17. Nc3 Bb4 18. Bf3 Rh3 19. Kg2 Rdh8 20. Rh1 R3h4
21. d5 exd5 22. Nxd5 Nxd5 23. Bxd5 f6 24. Rxh4 Rxh4 25. Be6+ Kd8 26. Rd1+ Ke7
27. Bc8 Bd6 28. Bxb7 g5 29. Bc1 g4 30. Rh1 g5 31. Bc8 Rxh1 32. Kxh1 g3 33. f3
Bf4 34. Ba3+ Kd8 35. Bf5 c6 36. Kg2 Kc7 37. Bb4 Kb6 38. Be1 Kc5 39. Bxg3 Bxg3
40. Kxg3 Kb4 41. Bd7 c5 42. Kg4 Ka3 43. Kf5 Kxa2 44. Ba4 1-0

[Event "Titled Tue 3rd Jun Early"]
[Site "chess.com INT"]
[Date "2025.06.03"]
[Round "10"]
[White "Mikhailova, Irina"]
[Black "Skytte, Robert"]
[Result "1-0"]
[WhiteTitle "WGM"]
[BlackTitle "CM"]
[WhiteElo "2143"]
[BlackElo "2007"]
[WhiteFideId "4109040"]
[BlackFideId "1471775"]
[EventDate "2025.06.03"]

1. d4 d5 2. Nf3 c5 3. c4 dxc4 4. e3 cxd4 5. Qxd4 Qxd4 6. Nxd4 Nf6 7. Bxc4 e5 8.
Nb5 Na6 9. N1c3 Bc5 10. a3 O-O 11. b4 Nxb4 12. axb4 Bxb4 13. Ba3 Bxa3 14. Rxa3
Bd7 15. Nd6 Bc6 16. O-O a6 17. Rb1 b5 18. Bxf7+ Rxf7 19. Nxf7 Kxf7 20. Nxb5 Ke7
21. Nc7 Ra7 22. Nxa6 Bb7 23. Rba1 Bxa6 24. Rxa6 Rxa6 25. Rxa6 g6 26. Kf1 Nd7 27.
Ra7 Ke6 28. Rxd7 Kxd7 29. Ke2 Ke6 30. Kd3 Kd5 31. f4 exf4 32. exf4 h5 33. g3 Ke6
34. Ke4 Kf6 35. h3 g5 36. f5 1-0

[Event "Titled Tue 3rd Jun Early"]
[Site "chess.com INT"]
[Date "2025.06.03"]
[Round "10"]
[White "Thorhallsson, Simon"]
[Black "Dann, Matthias"]
[Result "0-1"]
[WhiteTitle "FM"]
[BlackTitle "IM"]
[WhiteElo "2218"]
[BlackElo "2446"]
[WhiteFideId "2310090"]
[BlackFideId "24638056"]
[EventDate "2025.06.03"]

1. g3 g6 2. Bg2 Bg7 3. Nf3 Nf6 4. b3 d6 5. Bb2 e5 6. O-O O-O 7. d3 Re8 8. e4 c6
9. Nc3 d5 10. Nd2 Bg4 11. Qe1 Qd7 12. f3 Bh3 13. Qf2 Bxg2 14. Qxg2 Na6 15. Ne2
Nb4 16. Rfc1 c5 17. a3 Nc6 18. exd5 Nxd5 19. Ne4 b6 20. Re1 Ne3 21. Qf2 Nxc2 22.
g4 Nxa1 23. Bxa1 Qxd3 24. N2g3 Nd4 25. Bxd4 exd4 26. Kh1 Qxb3 27. Nh5 gxh5 28.
gxh5 Rxe4 29. fxe4 Qe6 30. Rg1 Kh8 31. Qg2 Be5 32. a4 d3 33. a5 bxa5 34. h6 Qxh6
35. Qf2 Qf4 36. Qg2 Qxh2+ 37. Qxh2 Bxh2 38. Kxh2 c4 0-1

[Event "Titled Tue 3rd Jun Early"]
[Site "chess.com INT"]
[Date "2025.06.03"]
[Round "10"]
[White "Hossain, Enamul"]
[Black "Huseynova, Lala"]
[Result "1-0"]
[WhiteTitle "GM"]
[BlackTitle "WFM"]
[WhiteElo "2348"]
[BlackElo "2123"]
[WhiteFideId "10200649"]
[BlackFideId "13431781"]
[EventDate "2025.06.03"]

1. d4 d5 2. c4 e6 3. Nf3 Nf6 4. g3 Bb4+ 5. Bd2 Be7 6. Bg2 O-O 7. O-O c6 8. Qc2
Nbd7 9. Rd1 Ne4 10. Bf4 Ndf6 11. Ne5 Nd6 12. Nd2 dxc4 13. Ndxc4 Nd5 14. Bd2 f6
15. Nd3 Nxc4 16. Qxc4 Bd7 17. e4 Nb6 18. Qb3 a5 19. a4 Kh8 20. Nc5 Bxc5 21. dxc5
Nc8 22. Qxb7 Ra7 23. Qb8 Qe7 24. e5 fxe5 25. Qxe5 Rb7 26. Bxa5 Rf5 27. Qe3 Rxb2
28. Rd2 Rxd2 29. Bxd2 Qxc5 30. Qxc5 Rxc5 31. a5 Rc2 32. Be3 c5 33. Rd1 1-0

[Event "Titled Tue 3rd Jun Early"]
[Site "chess.com INT"]
[Date "2025.06.03"]
[Round "10"]
[White "Dreelinck, Jacob"]
[Black "Begunov, Konstantin"]
[Result "0-1"]
[WhiteTitle "FM"]
[BlackTitle "FM"]
[WhiteElo "2262"]
[BlackElo "2325"]
[WhiteFideId "250511"]
[BlackFideId "4118510"]
[EventDate "2025.06.03"]

1. e4 c5 2. Nf3 d6 3. d4 cxd4 4. Nxd4 Nf6 5. Nc3 a6 6. Bg5 e6 7. f4 Qb6 8. Nb3
Nbd7 9. Qf3 Be7 10. O-O-O Qc7 11. g4 b5 12. Bxf6 Bxf6 13. Nd4 b4 14. Nce2 Bb7
15. g5 Be7 16. Bh3 Nc5 17. Ng3 d5 18. e5 g6 19. Qe3 h6 20. gxh6 Rxh6 21. Bg2 Rh4
22. Nf3 Rh8 23. h4 Rc8 24. Nd4 Rxh4 25. Rxh4 Bxh4 26. Rh1 Be7 27. Rh8+ Kd7 28.
Rxc8 Qxc8 29. Qd2 Qh8 30. b3 Qh2 31. Ne4 Nxe4 32. Bxe4 Qxd2+ 33. Kxd2 dxe4 34.
Ke3 Bc5 35. f5 gxf5 36. Kf4 Bxd4 0-1

[Event "Titled Tue 3rd Jun Early"]
[Site "chess.com INT"]
[Date "2025.06.03"]
[Round "10"]
[White "Alonso Rosell, Alvar"]
[Black "Zhakshylykov, Erzhan"]
[Result "1-0"]
[WhiteTitle "GM"]
[BlackTitle "IM"]
[WhiteElo "2550"]
[BlackElo "2362"]
[WhiteFideId "2270544"]
[BlackFideId "13804111"]
[EventDate "2025.06.03"]

1. d4 Nf6 2. c4 e6 3. Nf3 b6 4. g3 Ba6 5. Nbd2 c5 6. e4 cxd4 7. e5 Ng8 8. Bg2
Nc6 9. O-O Nge7 10. a3 Ng6 11. Re1 Rc8 12. b4 Bb7 13. h4 h5 14. Bb2 Qc7 15. Rc1
Nge7 16. b5 Na5 17. Nxd4 Bxg2 18. Kxg2 Ng6 19. Ne4 Nxe5 20. Nf5 Naxc4 21. Bxe5
Qxe5 22. Rxc4 Rxc4 23. Ned6+ Bxd6 24. Nxd6+ 1-0

[Event "Titled Tue 3rd Jun Early"]
[Site "chess.com INT"]
[Date "2025.06.03"]
[Round "10"]
[White "Genkeswaran, Genivan"]
[Black "Salonen, Aku"]
[Result "1-0"]
[WhiteTitle "CM"]
[BlackTitle "FM"]
[WhiteElo "2197"]
[BlackElo "2314"]
[WhiteFideId "5754496"]
[BlackFideId "517577"]
[EventDate "2025.06.03"]

1. d4 d5 2. c4 e6 3. Nc3 Nf6 4. Bg5 Be7 5. e3 O-O 6. Nf3 a6 7. h4 dxc4 8. Bxc4
b5 9. Bd3 Bb7 10. e4 b4 11. e5 bxc3 12. exf6 Bxf6 13. bxc3 Nd7 14. Bxh7+ Kxh7
15. Qb1+ Kg8 16. Qxb7 c5 17. O-O cxd4 18. cxd4 Bxg5 19. hxg5 Nb6 20. g3 Qd5 21.
Qxd5 Nxd5 22. Kg2 f6 23. g6 Rfd8 24. Rh1 Ne7 25. Rae1 Rd6 26. Nh4 Rc8 27. Rc1
Nc6 28. Rhe1 Kf8 29. Rc5 Rcd8 30. d5 Nd4 31. Rc7 Rxd5 32. Rf7+ Kg8 33. Rc1 R5d7
34. Rxd7 Rxd7 35. Rc8+ Rd8 36. Rxd8# 1-0

[Event "Titled Tue 3rd Jun Early"]
[Site "chess.com INT"]
[Date "2025.06.03"]
[Round "10"]
[White "Diaz Vasquez, Martin"]
[Black "Heymann, Samuel"]
[Result "1-0"]
[WhiteTitle "CM"]
[BlackTitle "CM"]
[WhiteElo "2266"]
[BlackElo "2226"]
[WhiteFideId "3410579"]
[BlackFideId "4645707"]
[EventDate "2025.06.03"]

1. e4 c5 2. Nf3 g6 3. c3 d5 4. e5 d4 5. cxd4 cxd4 6. Bb5+ Nc6 7. Bxc6+ bxc6 8.
Qa4 d3 9. Qxc6+ Bd7 10. Qd5 Qc8 11. O-O Bf5 12. Nc3 Bh6 13. Nb5 Kf8 14. b3 a6
15. Nbd4 Rb8 16. Bb2 e6 17. Qd6+ Kg7 18. Rac1 Qe8 19. Rc7 a5 20. Rfc1 a4 21. Ra7
axb3 22. axb3 Rd8 23. Qb6 Rd7 24. Rcc7 Rxc7 25. Qxc7 g5 26. Nxf5+ exf5 27. e6+
Nf6 28. Qxf7+ Qxf7 29. Rxf7+ Kg6 30. Rxf6+ Kh5 31. Rxh6+ Kxh6 32. Bxh8 1-0

[Event "Titled Tue 3rd Jun Early"]
[Site "chess.com INT"]
[Date "2025.06.03"]
[Round "10"]
[White "Lyutsinger, Iren"]
[Black "Lymar, Vladislav"]
[Result "1-0"]
[WhiteTitle "FM"]
[BlackTitle "CM"]
[WhiteElo "2266"]
[BlackElo "2216"]
[WhiteFideId "34425969"]
[BlackFideId "14162180"]
[EventDate "2025.06.03"]

1. e4 c5 2. Nf3 Nc6 3. Bb5 e5 4. O-O Nge7 5. c3 g6 6. d4 exd4 7. cxd4 cxd4 8.
Nxd4 Bg7 9. Be3 O-O 10. Nc3 d5 11. exd5 Nb4 12. Qd2 Nexd5 13. Nxd5 Nxd5 14. Bh6
Qf6 15. Bxg7 Kxg7 16. Rad1 Nf4 17. Ne2 Nxe2+ 18. Bxe2 Be6 19. Bf3 Rad8 20. Qa5
Rxd1 21. Rxd1 Qxb2 22. Qxa7 b5 23. a3 Rc8 24. h4 h5 25. Kh2 Rc4 26. g3 Ra4 27.
Qe7 Rxa3 28. Bg2 Ra2 29. Rd8 Qa3 30. Qe8 Kf6 31. Qh8+ Kf5 32. Bh3+ Ke4 33. Qd4+
Kf3 34. Bg2+ Ke2 35. Qe4+ Kxf2 36. Qf4+ Ke2 37. Qf1+ Ke3 38. Qf3# 1-0

[Event "Titled Tue 3rd Jun Early"]
[Site "chess.com INT"]
[Date "2025.06.03"]
[Round "10"]
[White "Sadubayev, Airat"]
[Black "Torres Rebolledo, Alvaro"]
[Result "1-0"]
[WhiteTitle "FM"]
[BlackTitle "FM"]
[WhiteElo "2211"]
[BlackElo "2336"]
[WhiteFideId "13713264"]
[BlackFideId "54587670"]
[EventDate "2025.06.03"]

1. d4 Nf6 2. c4 e6 3. Nf3 d5 4. g3 Be7 5. Bg2 O-O 6. O-O dxc4 7. Qc2 b5 8. a4 b4
9. Nbd2 c5 10. dxc5 Bxc5 11. Nxc4 Bb7 12. Bg5 a5 13. Rfd1 Qe7 14. Rac1 Nbd7 15.
e3 Rfc8 16. Qe2 h6 17. Bxf6 Nxf6 18. Nfe5 Bxg2 19. Kxg2 Nd5 20. Nd3 Nb6 21. Nxb6
Bxb6 22. Ne5 Qb7+ 23. Qf3 Qxf3+ 24. Kxf3 f6 25. Nc4 Bc7 26. b3 Kf7 27. Rd7+ Kg6
28. Rcd1 Rd8 29. h4 h5 30. Ke2 e5 31. Rxc7 Rxd1 32. Kxd1 Rd8+ 33. Ke2 e4 34.
Nxa5 Rd3 35. Rc4 Kf5 36. Rxb4 Rc3 37. Rc4 Rd3 38. Rc2 Kg4 39. Ra2 g5 40. Nc4
gxh4 41. gxh4 Kxh4 42. a5 Rd7 43. a6 Ra7 44. b4 Kg4 45. b5 h4 46. b6 Rh7 47. a7
h3 48. a8=Q h2 49. Qxe4+ Kh3 50. Qxh7+ Kg2 51. Qxh2+ Kxh2 52. b7 f5 53. b8=Q+ f4
54. Qxf4+ Kg2 55. Qg4+ Kh2 56. Ra5 1-0

[Event "Titled Tue 3rd Jun Early"]
[Site "chess.com INT"]
[Date "2025.06.03"]
[Round "10"]
[White "Silva, Pedro Gil Ferreira Da"]
[Black "Berikkyzy Alanna"]
[Result "0-1"]
[WhiteTitle "FM"]
[BlackTitle "WFM"]
[WhiteElo "2262"]
[BlackElo "2104"]
[WhiteFideId "1946102"]
[BlackFideId "13780719"]
[EventDate "2025.06.03"]

1. e4 c5 2. Nc3 Nc6 3. Bb5 Nd4 4. Nf3 a6 5. Bd3 e6 6. O-O g6 7. e5 Bg7 8. Re1
Ne7 9. Ne4 Nxf3+ 10. Qxf3 Bxe5 11. Ng5 O-O 12. Qh3 h5 13. Rxe5 f6 14. Nxe6 dxe6
15. Re1 Kg7 16. c3 e5 17. Qe3 b6 18. Bc2 Nf5 19. Qf3 Ra7 20. d4 cxd4 21. Bd2
dxc3 22. Bxc3 Nd4 23. Bxd4 Qxd4 24. Rad1 Qg4 25. Qe3 Rc7 26. Be4 b5 27. Bf3 Qe6
28. Qb6 Qxb6 0-1